[Event "OLSW 1920 SK Altenkirchen - Gambit Saarb"]
[Site "?"]
[Date "2020.01.19"]
[Round "5.1"]
[White "Micottis, Dorian"]
[Black "Bruehl, Andreas"]
[Result "1/2-1/2"]
[WhiteElo "2231"]
[BlackElo "2320"]
[PlyCount "90"]
[EventDate "2020.??.??"]

1. e4 e5 2. Nf3 Nc6 3. Nc3 Nf6 4. Be2 d5 5. exd5 Nxd5 6. O-O Nxc3 7. bxc3 e4 8.
Ne1 Bd6 9. f3 Bf5 10. fxe4 Bxe4 11. Nf3 O-O 12. d4 Ne7 13. Bd3 Bxd3 14. Qxd3
Ng6 15. Bd2 Qd7 16. Rae1 Rae8 17. Rxe8 Rxe8 18. Ng5 Re7 19. Qh3 Qxh3 20. Nxh3
Re2 21. Rf2 Rxf2 22. Nxf2 f5 23. c4 c6 24. Nd3 Kf7 25. g3 b5 26. cxb5 cxb5 27.
Kf2 Ke6 28. Bf4 Be7 29. Bb8 a5 30. c3 Kd5 31. Ke3 Kc4 32. Kd2 Bg5+ 33. Bf4 Nxf4
34. gxf4 Bh6 35. Ne5+ Kd5 36. Ke3 g5 37. fxg5 Bxg5+ 38. Kd3 Bf4 39. Nf3 h6 40.
h3 Bc7 41. Nd2 Bf4 42. c4+ bxc4+ 43. Nxc4 Bc7 44. Ne3+ Ke6 45. Nc4 Kd5 1/2-1/2

[Event "OLSW 1920 SK Altenkirchen - Gambit Saarb"]
[Site "?"]
[Date "2020.01.19"]
[Round "5.2"]
[White "Wagener, Claude"]
[Black "Gross, Georg"]
[Result "1/2-1/2"]
[WhiteElo "2241"]
[BlackElo "2246"]
[PlyCount "85"]
[EventDate "2020.??.??"]

1. e4 Nc6 2. Nf3 d6 3. d4 Nf6 4. Nc3 g6 5. h3 Bg7 6. Be3 a6 7. a4 O-O 8. Qd2 e5
9. d5 Nb4 10. a5 c5 11. g4 Bd7 12. Be2 b6 13. g5 Nh5 14. Nd1 f5 15. gxf6 Nxf6
16. Bg5 bxa5 17. c3 Qb6 18. Bxf6 Rxf6 19. cxb4 axb4 20. Qe3 a5 21. Nd2 a4 22.
Nc4 Qc7 23. h4 Rf4 24. h5 g5 25. f3 Bh6 26. Qg1 Kh8 27. Nf2 Rg8 28. Qg2 b3 29.
Ng4 Bf8 30. Nf2 Bh6 31. Nd3 Rf6 32. Rg1 Be8 33. Qh2 Bb5 34. Nf2 Rf4 35. Ng4 Bf8
36. Qg2 Qb8 37. Rc1 Be8 38. Qh3 Bd7 39. Qh2 Qb4+ 40. Rc3 Bb5 41. Nge3 Rh4 42.
Qg3 Rxh5 43. Kf2 1/2-1/2

[Event "OLSW 1920 SK Altenkirchen - Gambit Saarb"]
[Site "?"]
[Date "2020.01.19"]
[Round "5.3"]
[White "Erhardt, Michael"]
[Black "Heidorn, Oliver"]
[Result "1/2-1/2"]
[WhiteElo "2087"]
[BlackElo "2101"]
[PlyCount "51"]
[EventDate "2020.??.??"]

1. e4 c5 2. Nf3 Nc6 3. d4 cxd4 4. Nxd4 Nf6 5. Nc3 a6 6. Nxc6 bxc6 7. e5 Nd5 8.
Nxd5 cxd5 9. Bd3 d6 10. Qe2 g6 11. f4 Bg7 12. O-O Qc7 13. Re1 dxe5 14. fxe5 O-O
15. Kh1 f6 16. Bf4 Qb6 17. exf6 Rxf6 18. Bg5 Re6 19. Qf3 Bb7 20. Rxe6 Qxe6 21.
Qe3 Qxe3 22. Bxe3 e5 23. c3 Rc8 24. Rd1 Bc6 25. Kg1 a5 26. Be2 1/2-1/2

[Event "OLSW 1920 SK Altenkirchen - Gambit Saarb"]
[Site "?"]
[Date "2020.01.19"]
[Round "5.4"]
[White "Moeller, Jeremy"]
[Black "Forthoffer, Patrick"]
[Result "1-0"]
[WhiteElo "2035"]
[BlackElo "2163"]
[PlyCount "89"]
[EventDate "2020.??.??"]

1. d4 Nf6 2. Nf3 g6 3. Nc3 Bg7 4. Bg5 d6 5. e4 Nc6 6. d5 Nb8 7. Be2 c6 8. Qd2
O-O 9. Bh6 Bxh6 10. Qxh6 Qb6 11. Qd2 Qxb2 12. Rb1 Qa3 13. O-O Qa5 14. Nd4 cxd5
15. Rb5 Qd8 16. exd5 Na6 17. f4 Nc5 18. f5 Kg7 19. Rf3 h6 20. Qf4 Bd7 21. Rb1
Rc8 22. Rg3 Rg8 23. Ne6+ Bxe6 24. dxe6 fxe6 25. Rxg6+ Kf7 26. Qxh6 exf5 27.
Rxf6+ exf6 28. Bc4+ Ne6 29. Qh7+ Rg7 30. Bxe6+ Kxe6 31. Qxg7 Rxc3 32. Re1+ Kd5
33. Qxb7+ Kc5 34. Rd1 Qb6 35. Rd5+ Kb4+ 36. Qxb6+ axb6 37. Rxd6 b5 38. Rxf6
Rxc2 39. Rxf5 Rxa2 40. g4 Kc4 41. Rf4+ Kc3 42. Rf3+ Kc4 43. g5 b4 44. g6 b3 45.
g7 1-0

[Event "OLSW 1920 SK Altenkirchen - Gambit Saarb"]
[Site "?"]
[Date "2020.01.19"]
[Round "5.5"]
[White "Haenssel, Christian"]
[Black "Kaster, Martin"]
[Result "1-0"]
[WhiteElo "2052"]
[BlackElo "2073"]
[PlyCount "87"]
[EventDate "2020.??.??"]

1. c4 e5 2. g3 Nf6 3. Bg2 Nc6 4. Nc3 Bc5 5. e3 O-O 6. Nge2 Re8 7. O-O e4 8. a3
a5 9. Qc2 d6 10. Nxe4 Bf5 11. N2c3 Nxe4 12. Bxe4 Bxe4 13. Nxe4 Bb6 14. b3 d5
15. cxd5 Qxd5 16. Nc3 Qh5 17. Qd1 Qf5 18. Bb2 Qd3 19. Ne2 Rad8 20. Bc3 Bc5 21.
Nf4 Qe4 22. Qg4 Bf8 23. Rfd1 f5 24. Qe2 Ne5 25. Bxe5 Qxe5 26. d4 Qd6 27. Qb5 b6
28. Qxf5 g6 29. Qg4 Bg7 30. Rdc1 Qe7 31. Rc6 Rd6 32. Rac1 Rxc6 33. Rxc6 Qxa3
34. Rxc7 Qd6 35. Rc8 Rxc8 36. Qxc8+ Kf7 37. Qb7+ Kg8 38. Qd5+ Qxd5 39. Nxd5 b5
40. Nc3 b4 41. Na4 Kf7 42. Kf1 Ke7 43. Ke2 Kd6 44. Kd3 1-0

[Event "OLSW 1920 SK Altenkirchen - Gambit Saarb"]
[Site "?"]
[Date "2020.01.19"]
[Round "5.6"]
[White "Hoegener, Claude"]
[Black "Pryvalov, Ivan"]
[Result "1/2-1/2"]
[WhiteElo "2053"]
[BlackElo "2105"]
[PlyCount "76"]
[EventDate "2020.??.??"]

1. d4 Nf6 2. Nf3 e6 3. Bg5 h6 4. Bxf6 Qxf6 5. Nbd2 d6 6. e3 Nd7 7. c3 Qd8 8.
Qc2 Be7 9. Bd3 c5 10. h4 Qc7 11. g4 cxd4 12. exd4 b6 13. O-O-O Bb7 14. g5 hxg5
15. hxg5 O-O-O 16. g6 fxg6 17. Bxg6 e5 18. Rxh8 Rxh8 19. Bf5 exd4 20. Nxd4 Qc5
21. Bxd7+ Kxd7 22. Qa4+ Kc8 23. Re1 Bd8 24. Re8 b5 25. Rxh8 bxa4 26. Rxd8+ Kxd8
27. Ne6+ Ke7 28. Nxc5 dxc5 29. Kc2 Bd5 30. c4 Bc6 31. Kd3 g5 32. Nb1 Ke6 33.
Nc3 Ke5 34. Ke3 g4 35. Ne2 Be8 36. Nc3 Bc6 37. Ne2 Be8 38. Nc3 Bc6 1/2-1/2

[Event "OLSW 1920 SK Altenkirchen - Gambit Saarb"]
[Site "?"]
[Date "2020.01.19"]
[Round "5.7"]
[White "Bastian, Martin"]
[Black "Schmidt, Reiner"]
[Result "0-1"]
[WhiteElo "2104"]
[BlackElo "2146"]
[PlyCount "50"]
[EventDate "2020.??.??"]

1. e4 e6 2. d4 d5 3. e5 c5 4. c3 Nc6 5. Nf3 Qb6 6. a3 Nh6 7. b4 cxd4 8. cxd4
Nf5 9. Bb2 Bd7 10. Be2 Rc8 11. O-O Be7 12. Qd2 O-O 13. Rd1 f6 14. g4 fxe5 15.
gxf5 Rxf5 16. Rf1 Rcf8 17. Qe3 exd4 18. Nxd4 Re5 19. Qd3 Rg5+ 20. Kh1 e5 21.
Nxc6 Bxc6 22. b5 Rxf2 23. Nc3 e4 24. Qh3 Bd7 25. Qxd7 Rxh2+ 0-1

[Event "OLSW 1920 SC Caissa Schwarzenbach - SK F"]
[Site "?"]
[Date "2020.01.19"]
[Round "5.1"]
[White "Syrov, Arkadi"]
[Black "Frischmann, Rick"]
[Result "1/2-1/2"]
[WhiteElo "2347"]
[BlackElo "2342"]
[PlyCount "89"]
[EventDate "2020.??.??"]

1. e4 c6 2. Nf3 d5 3. d3 g6 4. exd5 cxd5 5. d4 Bg7 6. Bd3 Nc6 7. c3 Nf6 8. h3
O-O 9. Bf4 Bf5 10. Bxf5 gxf5 11. Nbd2 Ne4 12. g4 Qc8 13. Rg1 Kh8 14. Qe2 Bf6
15. Nf1 Nxc3 16. bxc3 Nxd4 17. cxd4 Qc3+ 18. Qd2 Qxa1+ 19. Ke2 fxg4 20. hxg4
Qb1 21. Ng3 Qg6 22. g5 Bg7 23. Nh4 Qc6 24. Nhf5 Rg8 25. Rc1 Qg6 26. Kf3 Rae8
27. Rc7 Bf8 28. Qe3 h6 29. Nh4 Qb6 30. gxh6 Bxh6 31. Nhf5 Bf8 32. Rc1 Rg6 33.
Rh1+ Kg8 34. Qe5 f6 35. Qxd5+ e6 36. Qd7 Qc6+ 37. Qxc6 bxc6 38. Nh4 Rg7 39. Nh5
Rf7 40. Rc1 Rc8 41. Ng6 Ba3 42. Rc3 Kh7 43. Nh4 Bf8 44. Ke4 Bg7 45. Nxg7
1/2-1/2

[Event "OLSW 1920 SC Caissa Schwarzenbach - SK F"]
[Site "?"]
[Date "2020.01.19"]
[Round "5.2"]
[White "Weller, Manuel"]
[Black "Fulea, Dan"]
[Result "1/2-1/2"]
[WhiteElo "2241"]
[BlackElo "2216"]
[PlyCount "49"]
[EventDate "2020.??.??"]

1. c4 e5 2. g3 Nc6 3. Bg2 f5 4. Nc3 Nf6 5. d3 Bb4 6. Bd2 Bxc3 7. Bxc3 d6 8. Qd2
O-O 9. Nf3 Qe8 10. b3 Kh8 11. Bb2 Bd7 12. a3 Qh5 13. Qg5 Ne7 14. Qxh5 Nxh5 15.
O-O Rae8 16. c5 Bc6 17. cxd6 cxd6 18. Rac1 Rc8 19. Rfe1 Nf6 20. Nd2 Bxg2 21.
Kxg2 b5 22. h3 Kg8 23. e4 fxe4 24. dxe4 Kf7 25. Red1 1/2-1/2

[Event "OLSW 1920 SC Caissa Schwarzenbach - SK F"]
[Site "?"]
[Date "2020.01.19"]
[Round "5.3"]
[White "Syska, Albert"]
[Black "Gress, Alexander"]
[Result "1-0"]
[WhiteElo "2221"]
[BlackElo "2168"]
[PlyCount "79"]
[EventDate "2020.??.??"]

1. e4 c5 2. Nf3 d6 3. d4 cxd4 4. Nxd4 Nf6 5. Nc3 a6 6. Be2 e5 7. Nb3 Be7 8. O-O
O-O 9. Re1 Be6 10. Bf1 Qc7 11. Nd5 Nxd5 12. exd5 Bf5 13. c4 Nd7 14. Be3 b6 15.
Rc1 Bg6 16. f3 Qd8 17. Qd2 f5 18. f4 Nf6 19. Qb4 Rb8 20. Rcd1 Ne4 21. Nd2 Bh4
22. g3 Nxg3 23. hxg3 Bxg3 24. Nf3 Bh5 25. Bg2 exf4 26. Bd4 g5 27. Re6 Bxf3 28.
Rxd6 Qe8 29. Bxf3 g4 30. Re6 Qh5 31. Re7 Rf6 32. Rd2 Bh4 33. Bxf6 Bxf6 34. Qd6
Rf8 35. Qe6+ Kh8 36. Rh2 Qg6 37. Rhxh7+ Qxh7 38. Rxh7+ Kxh7 39. Qxf5+ Kh8 40.
Qh5+ 1-0

[Event "OLSW 1920 SC Caissa Schwarzenbach - SK F"]
[Site "?"]
[Date "2020.01.19"]
[Round "5.4"]
[White "Tabatt, Hendrik"]
[Black "Prestel, Oliver"]
[Result "1-0"]
[WhiteElo "2332"]
[BlackElo "2122"]
[PlyCount "69"]
[EventDate "2020.??.??"]

1. Nf3 d5 2. g3 Nf6 3. Bg2 e6 4. O-O Be7 5. d3 O-O 6. Nc3 d4 7. Ne4 c5 8. Nxf6+
Bxf6 9. e4 Nc6 10. Nd2 e5 11. f4 Rb8 12. a4 a6 13. a5 Nxa5 14. fxe5 Bg5 15. Rf4
Nc6 16. Nf3 Bxf4 17. gxf4 Bg4 18. Qe1 Kh8 19. Ng5 h6 20. Qh4 Bd7 21. Bh3 Kg8
22. Bxd7 Qxd7 23. Nf3 Rbe8 24. Kh1 Qe7 25. Qg3 Kh7 26. Nh4 g6 27. Bd2 Rg8 28.
Rg1 Qe6 29. Nf3 f5 30. Qh3 Kg7 31. exf5 Qd5 32. fxg6 Ne7 33. f5 Nxf5 34. Qxf5
Ref8 35. Bxh6+ 1-0

[Event "OLSW 1920 SC Caissa Schwarzenbach - SK F"]
[Site "?"]
[Date "2020.01.19"]
[Round "5.5"]
[White "Geyer, Bernhard"]
[Black "Mueller, Max"]
[Result "1/2-1/2"]
[WhiteElo "2163"]
[BlackElo "1989"]
[PlyCount "87"]
[EventDate "2020.??.??"]

1. d4 Nf6 2. c4 g6 3. Nc3 d5 4. Nf3 Bg7 5. Bf4 c5 6. dxc5 Qa5 7. cxd5 Nxd5 8.
Qxd5 Bxc3+ 9. Bd2 Bxd2+ 10. Qxd2 Qxc5 11. Rc1 Qf5 12. Nd4 Qd7 13. e3 O-O 14.
Bb5 Qd6 15. O-O Bd7 16. Rfd1 Rd8 17. Qe2 Qb6 18. Bc4 Nc6 19. Nf3 Rac8 20. h4
Kg7 21. b3 Bg4 22. Qb2+ f6 23. Rxd8 Rxd8 24. Nh2 Bf5 25. Nf1 Bd3 26. Ng3 Ne5
27. Qa3 Kf8 28. Bxd3 Nxd3 29. Rd1 a6 30. h5 Ne5 31. Qc1 Ke8 32. hxg6 hxg6 33.
Ne2 Rxd1+ 34. Qxd1 Qa5 35. a4 Qd8 36. Nd4 Qd5 37. Qc2 Kf7 38. f3 Qd6 39. Kf2
Qd5 40. Qc8 Nd3+ 41. Ke2 Nc5 42. Qh8 Nxb3 43. Qh7+ Kf8 44. Qh8+ 1/2-1/2

[Event "OLSW 1920 SC Caissa Schwarzenbach - SK F"]
[Site "?"]
[Date "2020.01.19"]
[Round "5.6"]
[White "Holle, Cedric"]
[Black "Kargoll, Peter"]
[Result "1-0"]
[WhiteElo "2094"]
[BlackElo "2141"]
[PlyCount "105"]
[EventDate "2020.??.??"]

1. e4 e6 2. d4 d5 3. Nc3 Nf6 4. e5 Nfd7 5. f4 c5 6. Nf3 Nc6 7. Be3 a6 8. Qd2 b5
9. a3 Bb7 10. Be2 Qb6 11. O-O cxd4 12. Nxd4 Bc5 13. Rad1 O-O 14. Bg4 Nxd4 15.
Bxd4 Bxd4+ 16. Qxd4 Qxd4+ 17. Rxd4 Nb6 18. Kf2 g6 19. g3 Rfc8 20. Be2 Rc7 21.
Bd3 Bc6 22. Rb1 Be8 23. g4 Rac8 24. h4 Nc4 25. Ne2 Na5 26. Rb4 Nc6 27. Rb3 Na5
28. Rc3 Rxc3 29. Nxc3 Kg7 30. g5 h5 31. Ke3 Kf8 32. Ne2 Bc6 33. b4 Nc4+ 34.
Bxc4 dxc4 35. Rd1 Bd5 36. Nc3 Rd8 37. Ne4 Ke7 38. Nd6 Rf8 39. Kd4 Kd7 40. Kc5
Kc7 41. c3 Bf3 42. Rd2 Bc6 43. Ra2 Rd8 44. a4 bxa4 45. Ra3 Rd7 46. Kxc4 Bd5+
47. Kc5 Bb3 48. c4 Rd8 49. b5 axb5 50. cxb5 Rd7 51. b6+ Kb8 52. Ra1 Rd8 53. Kb4
1-0

[Event "OLSW 1920 SC Caissa Schwarzenbach - SK F"]
[Site "?"]
[Date "2020.01.19"]
[Round "5.7"]
[White "Johann, Christof"]
[Black "Becker, Joerg"]
[Result "1-0"]
[WhiteElo "2116"]
[BlackElo "2109"]
[PlyCount "63"]
[EventDate "2020.??.??"]

1. e4 Nf6 2. e5 Nd5 3. d4 d6 4. Nf3 dxe5 5. Nxe5 c6 6. Bc4 Nd7 7. Nf3 g6 8. h3
Bg7 9. O-O O-O 10. Re1 N7b6 11. Bb3 a5 12. a4 h6 13. Nbd2 Kh7 14. Ne4 Nd7 15.
c3 N7f6 16. Ng3 b6 17. Ne5 Bb7 18. h4 Nd7 19. Nf3 Re8 20. h5 e5 21. hxg6+ fxg6
22. Bd2 exd4 23. cxd4 Rxe1+ 24. Qxe1 Qe8 25. Qb1 Qe6 26. Qd3 Ba6 27. Qc2 Nf8
28. Re1 Qd7 29. Ne5 Bxe5 30. Rxe5 Re8 31. Rh5 Ne6 32. Rxh6+ 1-0

[Event "OLSW 1920 SC Caissa Schwarzenbach - SK F"]
[Site "?"]
[Date "2020.01.19"]
[Round "5.8"]
[White "Busemann, Stephan"]
[Black "Huseynov, Ahad"]
[Result "0-1"]
[WhiteElo "2087"]
[BlackElo "2062"]
[PlyCount "78"]
[EventDate "2020.??.??"]

1. e4 e5 2. Nf3 Nc6 3. Bb5 a6 4. Ba4 Nf6 5. O-O Be7 6. Re1 b5 7. Bb3 d6 8. c3
Na5 9. Bc2 c5 10. d4 Qc7 11. h3 h6 12. Nbd2 g5 13. dxe5 dxe5 14. Nh2 Be6 15.
Ndf1 Rd8 16. Qf3 Rg8 17. Ne3 h5 18. g4 Nc4 19. Nf5 hxg4 20. Nxg4 Nxg4 21. hxg4
Nd6 22. Be3 Nc4 23. Bc1 Nd6 24. b3 Nxf5 25. exf5 Bd5 26. Be4 Qc6 27. Bxd5 Qxd5
28. Qxd5 Rxd5 29. Be3 Kd7 30. c4 Rd3 31. Rad1 Rxd1 32. Rxd1+ Kc6 33. Kg2 bxc4
34. bxc4 Rb8 35. Rh1 Rg8 36. Rh7 Rf8 37. f6 Bd6 38. Bxg5 Rg8 39. Rg7 Rf8 {Weiß
überschreitet die Zeit} 0-1

[Event "OLSW 1920 SF Heidesheim - SC Heimbach-We"]
[Site "?"]
[Date "2020.01.19"]
[Round "5.1"]
[White "Vypkhaniuk, Ihor"]
[Black "Carow, Johannes"]
[Result "1-0"]
[WhiteElo "2406"]
[BlackElo "2442"]
[PlyCount "57"]
[EventDate "2020.??.??"]

1. c4 e5 2. Nc3 Nc6 3. Nf3 f5 4. g3 Nf6 5. d4 e4 6. Nh4 g6 7. Bg5 Bg7 8. e3 Ne7
9. Ng2 O-O 10. Qb3 d6 11. O-O-O h6 12. Bxf6 Bxf6 13. Nf4 c6 14. h4 b6 15. Be2
c5 16. Kb1 Kh7 17. Ncd5 Nxd5 18. cxd5 a6 19. f3 exf3 20. Bxf3 Re8 21. h5 g5 22.
Ne6 Qe7 23. Qd3 Kh8 24. Qxf5 Ra7 25. Rhf1 Bxe6 26. dxe6 Qg7 27. Be4 Rf8 28. Qd5
Be7 29. Rf5 1-0

[Event "OLSW 1920 SF Heidesheim - SC Heimbach-We"]
[Site "?"]
[Date "2020.01.19"]
[Round "5.2"]
[White "Wilhelm, Till"]
[Black "Winterberg, Lukas"]
[Result "1-0"]
[WhiteElo "2275"]
[BlackElo "2396"]
[PlyCount "113"]
[EventDate "2020.??.??"]

1. d4 Nf6 2. c4 e6 3. Nc3 d5 4. cxd5 Nxd5 5. e4 Nxc3 6. bxc3 c5 7. Nf3 cxd4 8.
cxd4 Bb4+ 9. Bd2 Bxd2+ 10. Qxd2 O-O 11. Bc4 Nd7 12. O-O b6 13. a4 Bb7 14. Bd3
a5 15. Qf4 Rc8 16. Ra3 Qe7 17. Rb3 Bc6 18. Ra1 Rfd8 19. h4 h6 20. Bb1 e5 21.
Nxe5 Nxe5 22. dxe5 Rd1+ 23. Kh2 Bd7 24. Rxb6 Rcc1 25. Rb8+ Kh7 26. e6 Rh1+ 27.
Kg3 Qxe6 28. Qf5+ g6 29. Qxe6 Bxe6 30. Rb2 Kg7 31. f3 Rcf1 32. Rb7 Kf8 33. Rb8+
Ke7 34. Rb5 Kd8 35. Rb8+ Kc7 36. Rb5 Bd7 37. Rb2 f6 38. Rb3 g5 39. h5 f5 40.
exf5 Bxf5 41. Rc3+ Kd6 42. Ra2 Rxb1 43. Rd2+ Ke7 44. Rc7+ Ke8 45. Rd5 Be6 46.
Rxa5 Rhd1 47. Ra8+ Rd8 48. Ra6 Bd7 49. Rxh6 Ra1 50. Rc5 Bxa4 51. Rxg5 Re1 52.
Rh8+ Ke7 53. Rg7+ Kf6 54. Rg6+ Ke7 55. Rh7+ Kf8 56. h6 Rde8 57. Rgg7 1-0

[Event "OLSW 1920 SF Heidesheim - SC Heimbach-We"]
[Site "?"]
[Date "2020.01.19"]
[Round "5.3"]
[White "Boidman, Yuri"]
[Black "Karst, Elmar"]
[Result "0-1"]
[WhiteElo "2344"]
[BlackElo "2303"]
[PlyCount "356"]
[EventDate "2020.??.??"]

1. g3 d5 2. Bg2 e5 3. d3 Nf6 4. Nd2 Nc6 5. e4 Bc5 6. exd5 Nxd5 7. Ngf3 O-O 8.
O-O Re8 9. Re1 Bg4 10. h3 Bh5 11. Nc4 f6 12. c3 Bf7 13. Qe2 Qd7 14. Bd2 Rad8
15. b4 Bf8 16. b5 Nb8 17. a4 c6 18. Reb1 a6 19. bxc6 Nxc6 20. Ne1 Bc5 21. Rb2
Qc8 22. Rab1 Re7 23. Ne3 Nf4 24. gxf4 exf4 25. d4 fxe3 26. Bxe3 Ba3 27. Rb6 Na5
28. Qg4 Qxc3 29. Nf3 Nc4 30. R6b3 Qc2 31. Ne1 Qa2 32. Rxb7 Nxe3 33. fxe3 Rxe3
34. Nf3 Bf8 35. Rf1 Bd5 36. Ra7 Qxa4 37. Ne5 Rxe5 38. Rxf6 Re1+ 39. Kf2 Qe8 40.
Bxd5+ Rxd5 41. Rxf8+ Qxf8+ 42. Kxe1 Kh8 43. Qf3 Qb4+ 44. Ke2 Qb2+ 45. Ke1 Qa1+
46. Ke2 Qa2+ 47. Ke1 Qa1+ 48. Ke2 Qa2+ 49. Ke1 Rd8 50. Ra8 Qg8 51. Rxd8 Qxd8
52. d5 Qh4+ 53. Ke2 Qc4+ 54. Kf2 Qc2+ 55. Kf1 Kg8 56. Qa3 Qd1+ 57. Kf2 Qd4+ 58.
Kg3 Qe5+ 59. Kf2 Qf5+ 60. Kg2 Qg5+ 61. Kf2 Qf5+ 62. Kg1 Qg5+ 63. Kf2 Qd2+ 64.
Kg1 Qd4+ 65. Kh2 Qe5+ 66. Kg1 Qe1+ 67. Kg2 Qd2+ 68. Kg1 Qxd5 69. Qxa6 h5 70.
Qc8+ Kh7 71. Qc2+ Kh6 72. Qc8 Kg5 73. Qc7 Qd4+ 74. Kg2 Qb2+ 75. Kf3 Qf6+ 76.
Kg2 Kh6 77. Qc8 Qg6+ 78. Kh2 Qd6+ 79. Kg2 Qd5+ 80. Kg1 Qe5 81. Kg2 Qe4+ 82. Kg1
h4 83. Qh8+ Kg6 84. Qb8 Qe3+ 85. Kg2 Qe2+ 86. Kg1 Qd1+ 87. Kg2 Qd2+ 88. Kg1
Qd4+ 89. Kg2 Kg5 90. Qb5+ Kf4 91. Qf1+ Kg5 92. Qb5+ Kf4 93. Qf1+ Kg5 94. Qc1+
Qf4 95. Qc5+ Kh6 96. Qc3 Qg5+ 97. Kh2 Kh7 98. Qd3+ Kh8 99. Qc3 Qf4+ 100. Kg2
Qe4+ 101. Kh2 Qe2+ 102. Kg1 Kh7 103. Qc7 Qf3 104. Kh2 Qe2+ 105. Kg1 Qe4 106.
Kh2 Qf5 107. Qb8 Qe4 108. Qc7 Qf5 109. Qb8 Qc2+ 110. Kg1 Qc1+ 111. Kg2 Qd2+
112. Kg1 Qd4+ 113. Kg2 Kh6 114. Qc7 Qb2+ 115. Kg1 Qf6 116. Kg2 Kg5 117. Qc1+
Kg6 118. Qc2+ Kh6 119. Qc7 Kh5 120. Qb8 Kg5 121. Qc7 Qd4 122. Qe7+ Kh6 123. Qc7
Qb2+ 124. Kg1 Kg5 125. Qe7+ Kh5 126. Qc7 Qf6 127. Qb8 Kg5 128. Qc7 g6 129. Kg2
Kh5 130. Qh7+ Kg5 131. Qc7 Qb2+ 132. Kg1 Qd4+ 133. Kg2 Qe4+ 134. Kg1 Kf5 135.
Qb8 Qe5 136. Qc8+ Qe6 137. Qc3 Kf4 138. Kf2 Qa2+ 139. Kg1 Qb1+ 140. Kf2 Qb6+
141. Kg2 Qb7+ 142. Kf2 Qa7+ 143. Kg2 Qa2+ 144. Kg1 Qe6 145. Kf2 Kg5 146. Qc1+
Kh5 147. Qd1+ Kh6 148. Qc1+ Kh5 149. Qd1+ Kh6 150. Qc1+ g5 151. Qc3 Kg6 152.
Qd3+ Kh6 153. Qc3 Qb6+ 154. Kg2 Qb7+ 155. Kf2 Qa7+ 156. Kg2 Qa8+ 157. Kf2 Qa2+
158. Kg1 Qe6 159. Kg2 Kh7 160. Qc2+ Kh6 161. Qc3 Qd5+ 162. Kf2 Kg6 163. Qa3
Qd2+ 164. Kg1 Kf5 165. Qf3+ Ke5 166. Kf1 Qc1+ 167. Kg2 Qc2+ 168. Kg1 Qc1+ 169.
Kg2 Qc2+ 170. Kg1 Qe4 171. Kf2 Qf4 172. Kg2 Qd4 173. Qa3 Qd2+ 174. Kg1 Ke4 175.
Qa4+ Kf3 176. Qb3+ Ke2 177. Kg2 Ke1+ 178. Kf3 Qe2# 0-1

[Event "OLSW 1920 SF Heidesheim - SC Heimbach-We"]
[Site "?"]
[Date "2020.01.19"]
[Round "5.4"]
[White "Enzmann, Steffen"]
[Black "Schulz, Klaus-Juergen"]
[Result "0-1"]
[WhiteElo "2174"]
[BlackElo "2328"]
[PlyCount "58"]
[EventDate "2020.??.??"]

1. Nf3 g6 2. g3 Bg7 3. Bg2 c5 4. O-O Nc6 5. d3 d6 6. c3 e5 7. Nbd2 Nge7 8. a4
O-O 9. Rb1 a5 10. e4 h6 11. Nc4 Be6 12. Re1 Qc7 13. b3 Rad8 14. Be3 b6 15. Qc1
Kh7 16. Na3 d5 17. Nb5 Qc8 18. Qa3 f5 19. exd5 Nxd5 20. Bd2 Nde7 21. d4 e4 22.
dxc5 exf3 23. Nd6 Qd7 24. Bxf3 bxc5 25. Bf4 Bd5 26. Bxd5 Nxd5 27. Rbd1 Nxc3 28.
Rd2 Nd4 29. Re3 Nb1 0-1

[Event "OLSW 1920 SF Heidesheim - SC Heimbach-We"]
[Site "?"]
[Date "2020.01.19"]
[Round "5.5"]
[White "Ronge, Tim"]
[Black "Faldum, Manfred"]
[Result "1-0"]
[WhiteElo "2182"]
[BlackElo "2075"]
[PlyCount "89"]
[EventDate "2020.??.??"]

1. d4 g6 2. c4 Bg7 3. e4 d6 4. Nc3 Nf6 5. f3 O-O 6. Be3 a6 7. Nge2 Nbd7 8. Qd2
b5 9. cxb5 axb5 10. Nxb5 c6 11. Nbc3 e5 12. Rd1 d5 13. exd5 cxd5 14. Nc1 e4 15.
Be2 Nb6 16. b3 exf3 17. Bxf3 Ne4 18. Bxe4 dxe4 19. O-O Nd5 20. Nxd5 Qxd5 21.
Ne2 Ba6 22. Nf4 Qd6 23. Rfe1 Rfd8 24. d5 Rac8 25. Rc1 Be5 26. Red1 g5 27. Nh5
Bxh2+ 28. Kh1 h6 29. Rc6 Rxc6 30. dxc6 Qxd2 31. Rxd2 Rxd2 32. Nf6+ Kg7 33. Bxd2
Kxf6 34. Kxh2 Ke5 35. a4 f5 36. b4 Kd6 37. b5 Bc8 38. Bb4+ Kc7 39. a5 f4 40.
Bc3 f3 41. Be5+ Kd8 42. gxf3 e3 43. Kg1 g4 44. fxg4 Bxg4 45. a6 1-0

[Event "OLSW 1920 SF Heidesheim - SC Heimbach-We"]
[Site "?"]
[Date "2020.01.19"]
[Round "5.6"]
[White "Foerster, Erik"]
[Black "Puth, Dieter"]
[Result "1-0"]
[WhiteElo "2092"]
[BlackElo "2216"]
[PlyCount "75"]
[EventDate "2020.??.??"]

1. d4 Nf6 2. g3 g6 3. Bg2 d5 4. Nf3 Bg7 5. O-O O-O 6. c4 Nc6 7. cxd5 Nxd5 8. e4
Nb6 9. d5 Na5 10. Qe1 Nac4 11. Nc3 e6 12. b3 Qf6 13. bxc4 Qxc3 14. Qxc3 Bxc3
15. Rb1 Nxc4 16. Bh6 Bg7 17. Bxg7 Kxg7 18. dxe6 Bxe6 19. Rxb7 c5 20. Ng5 Bc8
21. Rc7 h6 22. Nf3 Bg4 23. Rc1 Nb2 24. R1xc5 Rfd8 25. h3 Be6 26. Ra5 Rd1+ 27.
Kh2 Ra1 28. Nd4 Re8 29. Nxe6+ Rxe6 30. Raxa7 Rf6 31. f4 Re1 32. e5 Rf5 33. Bd5
g5 34. Be6 Re2+ 35. Kg1 Re1+ 36. Kg2 Re2+ 37. Kf1 Rexe5 38. Rxf7+ 1-0

[Event "OLSW 1920 SF Heidesheim - SC Heimbach-We"]
[Site "?"]
[Date "2020.01.19"]
[Round "5.7"]
[White "Roos, Thomas"]
[Black "Beck, Michael"]
[Result "1-0"]
[WhiteElo "2161"]
[BlackElo "2110"]
[PlyCount "63"]
[EventDate "2020.??.??"]

1. d4 Nf6 2. c4 g6 3. Nc3 Bg7 4. e4 O-O 5. Be2 d6 6. Nf3 e5 7. O-O Nc6 8. d5
Ne7 9. Nd2 Ne8 10. b4 f5 11. c5 Nf6 12. f3 f4 13. Nc4 g5 14. a4 Ng6 15. Ba3 Rf7
16. b5 Bf8 17. a5 b6 18. axb6 axb6 19. cxb6 cxb6 20. Na2 g4 21. Nb4 g3 22. Nc6
Qc7 23. Bb4 Rxa1 24. Qxa1 Nd7 25. Qa8 Rg7 26. h3 Nc5 27. Bxc5 bxc5 28. Ra1 Bb7
29. Qd8 Qxd8 30. Nxd8 Bc8 31. Ra8 Bb7 32. Rb8 1-0

[Event "OLSW 1920 SF Heidesheim - SC Heimbach-We"]
[Site "?"]
[Date "2020.01.19"]
[Round "5.8"]
[White "Lantzsch, Christian"]
[Black "Jahn, Peter"]
[Result "1-0"]
[WhiteElo "2171"]
[BlackElo "2050"]
[PlyCount "55"]
[EventDate "2020.??.??"]

1. d4 e6 2. Bf4 d5 3. e3 Nf6 4. Nf3 Bd6 5. Bg3 O-O 6. Nbd2 c5 7. c3 Nc6 8. Bd3
Qe7 9. Ne5 Nd7 10. Nxd7 Qxd7 11. f4 b6 12. Nf3 a5 13. Qc2 f5 14. Qe2 Qa7 15.
Bb5 Ba6 16. Bh4 Bxb5 17. Qxb5 Qc7 18. Qe2 h6 19. h3 Kh7 20. O-O a4 21. Kh1 Rfe8
22. g4 c4 23. g5 a3 24. Rab1 b5 25. Rg1 b4 26. gxh6 gxh6 27. Ng5+ Kh8 28. Qh5
1-0

[Event "OLSW 1920 SK Gau-Algesheim - Turm Illing"]
[Site "?"]
[Date "2020.01.19"]
[Round "5.1"]
[White "Mayer, Frank"]
[Black "Ovsejevitsch, Sergei"]
[Result "0-1"]
[WhiteElo "2298"]
[BlackElo "2604"]
[PlyCount "50"]
[EventDate "2020.??.??"]

1. c4 e5 2. e3 Nf6 3. Nc3 Bb4 4. Nge2 O-O 5. a3 Be7 6. Qc2 Re8 7. d4 Bf8 8.
dxe5 Rxe5 9. Nf4 a5 10. b3 Na6 11. Bb2 Re8 12. Be2 c6 13. O-O Nc5 14. Rab1 Ne6
15. Bf3 Nxf4 16. exf4 d6 17. Rbd1 Bd7 18. h3 h6 19. g4 h5 20. g5 Nh7 21. Bxh5
Nxg5 22. fxg5 Qxg5+ 23. Bg4 Bxg4 24. hxg4 Qxg4+ 25. Kh2 Re5 0-1

[Event "OLSW 1920 SK Gau-Algesheim - Turm Illing"]
[Site "?"]
[Date "2020.01.19"]
[Round "5.2"]
[White "Bauer, Bjoern-Benny"]
[Black "Klein, Joachim"]
[Result "1-0"]
[WhiteElo "2200"]
[BlackElo "2188"]
[PlyCount "81"]
[EventDate "2020.??.??"]

1. d4 Nf6 2. c4 e6 3. Nc3 d5 4. Nf3 Bb4 5. e3 O-O 6. Bd3 b6 7. O-O Bb7 8. a3
Bxc3 9. bxc3 dxc4 10. Bxc4 Nbd7 11. Qe2 Ne4 12. Bb2 c5 13. Rfd1 Qc7 14. Rac1
Nd6 15. Ba2 c4 16. Ne5 Rac8 17. Nxd7 Qxd7 18. f3 f5 19. Bb1 Qb5 20. Qd2 Rf6 21.
Re1 Rcf8 22. Re2 Qe8 23. e4 fxe4 24. fxe4 Qf7 25. h3 Rf1+ 26. Kh2 Qg6 27. e5
Ne4 28. Bxe4 Bxe4 29. Rxf1 Rxf1 30. Rf2 Rb1 31. a4 h6 32. Rf4 Rd1 33. Qf2 Bd5
34. Ba3 Qb1 35. Be7 Rh1+ 36. Kg3 Qd3+ 37. Kh4 Kh7 38. Rf7 Qe4+ 39. g4 Qd3 40.
Rxg7+ Kxg7 41. Qf6+ 1-0

[Event "OLSW 1920 SK Gau-Algesheim - Turm Illing"]
[Site "?"]
[Date "2020.01.19"]
[Round "5.3"]
[White "Kuhn, Patrick"]
[Black "Kling, Felix"]
[Result "1-0"]
[WhiteElo "2031"]
[BlackElo "2159"]
[PlyCount "81"]
[EventDate "2020.??.??"]

1. c4 e5 2. g3 Nc6 3. Nc3 g6 4. Bg2 Bg7 5. e4 d6 6. Nge2 f5 7. d3 Nf6 8. O-O
O-O 9. Nd5 f4 10. gxf4 Nh5 11. fxe5 dxe5 12. f4 Nd4 13. Nxd4 exd4 14. f5 c6 15.
Nf4 Nxf4 16. Bxf4 gxf5 17. Qd2 Be6 18. Kh1 Qd7 19. Rg1 Kh8 20. Bf3 fxe4 21.
Bxe4 Bf5 22. Rae1 Bxe4+ 23. Rxe4 Rae8 24. Bh6 Bxh6 25. Qxh6 Rf7 26. Rxe8+ Qxe8
27. Qd6 c5 28. Qxc5 Qc6+ 29. Qxc6 bxc6 30. Kg2 Re7 31. Kf2 Re3 32. Rg3 Re6 33.
b4 c5 34. bxc5 Re5 35. c6 Rc5 36. Rg4 Rxc6 37. Rxd4 Ra6 38. c5 Rxa2+ 39. Ke3
Rxh2 40. c6 Rh6 41. c7 1-0